01037 a2200229 4500003000500000005001700005010001600022020001500038040000900053082001600062100002200078245006900100246006400169246006000233260005000293300004500343505032700388650002400715650003000739651001700769700002100786Nust20221118143851.0 a 95228173 a0314047735 cNust a621.381,DUE1 a Dueck, Robert K10aDigital Applications /cRobert K DueckbFor CPLDS: A Lab Manual30aLab manual to accompany Fundamentals of digital electronics30aManual to accompany Fundamentals of digital electronics aMineapolis/St. Paul :bWest Pub. Co.,cc1994. a1 v. (various pagings) :bill. ;c28 cm. aProgram CPLDs Using Max+Plus II (Page-1), Introduction to VHDL (Page-23), Introduction to alter UP-1 Board (Page-37), Seven Segment Decoder (Page-43), Multiplexer Applications (Page-53), Counters and Decoders (Page-67), Parameterized Countermand Shift Registers (Page-77), Time Divisions (Page-85), DAC Function (Page-97). 0aDigital electronics 0aElectronic circuit design a(Include CD)1 aDueck, Robert K.